000 01197nam a2200253Ia 4500
003 Ost
005 20260507075419.0
008 260507s9999||||xx |||||||||||||| ||und||
020 _a9789957563592
040 _cfsecg
041 _aara
082 _a330
100 _aالخفاجي، نعمة عباس
_eمؤلف
245 0 _aالمدخل المعرفي في تحليل الاختيار الإستراتيجي /
_c نعمة عباس الخفاجي
260 _aعمان:
_bدار الايام للنشر و التوزيع,
_c2014
300 _a300 صفحة؛
_bإيضاحات ؛
_c25 سم
504 _aالمراجع ص.275
520 _aيضم المنطق النظري للمدخل المعرفي والاختيار الاستراتييجي، أسلوب الدراسة وإختبار أنموذج العلاقات و دوالها، إختبار أنموذج الاختلاف و إنعكاساته، الاستنتاجات، التوصيات و المقترحات.
653 _aالإختيار المهني
653 _aالعلاقات العامة
653 _aتنظيم وإدارة
700 _aصالح، عادل مرقوش
_eمؤلف ثانوي
942 _cكتاب
999 _c44458
_d44458